000 00885nac a22002531u 4500
010 _a 2007034942
020 _a0131752421
082 0 0 _a005.2768
_bDEI
090 _c7773
_d7773
100 _aDeitel, Paul J.
245 1 0 _aInternet & World Wide Web :
_bhow to program /
_cP.J. Deitel, H.M. Deitel.
246 3 _aInternet and World Wide Web, how to program
250 _a4th ed.
260 _aUpper Saddle River, NJ :
_bPearson Prentice Hall,2008
_c2008.
300 _a1373p.:
_bcol. ill.;
_c23 cm.
500 _aIncludes index.
500 _adistributer: Baccah
511 _acatalogued by: wessam
650 0 _aInternet programming.
650 0 _aWorld Wide Web.
700 1 _aDeitel, Harvey M.,
_d1945-
942 _cNB
_k005.2768DEI
999 _c7773
_d7773